| 000 | 00459nam a2200181Ia 4500 | ||
|---|---|---|---|
| 001 | 14033 | ||
| 005 | 20260306164844.0 | ||
| 008 | 260306t2007||||xx |||||||||||||| ||spa|| | ||
| 041 | _aESP | ||
| 082 |
_a006.3 _bP18 |
||
| 100 |
_aPajares Martinsanz, Gonzalo _eAUT |
||
| 245 | 0 | _aInteligencia artificial e ingenierĂa del conocimiento | |
| 260 | _c2007 | ||
| 300 |
_a364 páginas : _c23 cm. |
||
| 650 | _aGEN | ||
| 654 | _aCCC | ||
| 942 |
_cLIB _dJUS _fJUS _2ddc _n |
||
| 999 |
_c14033 _d14033 |
||